[Event "30th Cracovia Festival-B 2019"]
[Site "Krakow"]
[Date "2019.12.27"]
[Round "1.25"]
[White "Szwaj, Jacek"]
[Black "Sharma Isha"]
[Result "0-1"]
[WhiteElo "1937"]
[BlackElo "2099"]
[Annotator "NA"]
[PlyCount "106"]
[EventDate "2019.12.27"]
[EventCountry "POL"]
[SourceTitle "playchess.com"]
[Source "ChessBase"]
[SourceQuality "1"]

1. e4 e6 2. d4 d5 3. Nd2 Nf6 4. e5 Nfd7 5. Bd3 c5 6. c3 Nc6 7. Ne2 cxd4 8. cxd4 f6 9. exf6 Nxf6 10. O-O Bd6 11. Nf3 Qc7 12. Bg5 O-O 13. Bh4 Bd7 14. Bg3 Bxg3 15. Nxg3 Qb6 16. Qd2 Kh8 17. Bb1 Be8 18. Re1 Bf7 19. b3 Rac8 20. Qe3 Bg8 21. h3 a5 22. Ne2 Nd7 23. Nh4 Rf6 24. f4 e5 25. fxe5 Ndxe5 26. Nf4 Qxd4 27. Qxd4 Nxd4 28. Rxe5 Rc1+ 29. Kh2 Rxf4 30. Bxh7 Rxa1 31. Ng6+ Kxh7 32. Nxf4 Bf7 33. Re7 Kg8 34. Rxb7 Rxa2 35. h4 Nf5 36. h5 Rf2 37. Nh3 Re2 38. Nf4 Re4 39. Rb8+ Kh7 40. g3 Re8 41. Rb5 Nd4 42. Rxa5 Nxb3 43. Ra7 Kg8 44. g4 d4 45. g5 Nc5 46. g6 Bc4 47. h6 gxh6 48. Nh5 Ne4 49. Rd7 d3 50. Rd4 d2 51. Rxe4 Rxe4 52. Nf6+ Kg7 53. Nxe4 d1=Q 0-1

[Event "30th Cracovia Festival-B 2019"]
[Site "Krakow"]
[Date "2019.12.27"]
[Round "1.26"]
[White "Golenia, Wojciech"]
[Black "Jablonska, Sabina"]
[Result "1-0"]
[WhiteElo "2093"]
[BlackElo "1933"]
[Annotator "NA"]
[PlyCount "107"]
[EventDate "2019.12.27"]
[EventCountry "POL"]
[SourceTitle "playchess.com"]
[Source "ChessBase"]
[SourceQuality "1"]

1. d4 Nf6 2. Nf3 g6 3. Bf4 b6 4. Nbd2 Bb7 5. e3 Bg7 6. h3 d6 7. Be2 Nbd7 8. O-O O-O 9. c4 e6 10. Bh2 Qe7 11. Qc2 e5 12. dxe5 dxe5 13. Rfd1 Rfd8 14. Rac1 e4 15. Nd4 Nc5 16. Rb1 Ne8 17. b4 Nd3 18. c5 Bxd4 19. exd4 Rxd4 20. c6 Bc8 21. Qc3 Qf6 22. Nxe4 Rxe4 23. Qxf6 Nxf6 24. Bxd3 Re7 25. b5 a5 26. Rb2 Be6 27. Be5 Ne8 28. f4 f6 29. Bc3 Kf7 30. g4 Nd6 31. Rf2 Rae8 32. g5 Bf5 33. Bxf5 gxf5 34. gxf6 Re3 35. Be5 R3xe5 36. fxe5 Rxe5 37. a4 Kxf6 38. Rc2 Ke6 39. Kf1 h6 40. Re2 Ne4 41. Kg2 Rd5 42. Ree1 Rxd1 43. Rxd1 Nc3 44. Rd4 Nd5 45. Kf3 h5 46. Rd1 Ke5 47. Rg1 Kd4 48. Rg5 Ke5 49. Rxh5 Nf6 50. Rh6 Ne4 51. h4 Nc5 52. Rh7 Ne6 53. Re7 Kf6 54. Rxe6+ 1-0

[Event "30th Cracovia Festival-B 2019"]
[Site "Krakow"]
[Date "2019.12.27"]
[Round "1.27"]
[White "Nadera, Jaroslaw"]
[Black "Lozynskyi, Bohdan"]
[Result "1/2-1/2"]
[WhiteElo "1931"]
[BlackElo "2087"]
[Annotator "NA"]
[PlyCount "71"]
[EventDate "2019.12.27"]
[EventCountry "POL"]
[SourceTitle "playchess.com"]
[Source "ChessBase"]
[SourceQuality "1"]

1. d4 d5 2. Bf4 Nf6 3. e3 c5 4. Nf3 Nc6 5. c3 Qb6 6. Qc2 Bg4 7. dxc5 Qxc5 8. Nbd2 Nd7 9. Qb3 Nb6 10. Bb5 f6 11. O-O Bxf3 12. Nxf3 e5 13. Bg3 O-O-O 14. Bxc6 Qxc6 15. Rfd1 Bd6 16. Nd2 Bc7 17. a4 Nc4 18. Qc2 Nd6 19. Rac1 Kb8 20. h3 g6 21. b3 Rc8 22. Qa2 Rhd8 23. b4 Nc4 24. Nxc4 dxc4 25. Qc2 Rxd1+ 26. Rxd1 Rd8 27. Rxd8+ Bxd8 28. Qd1 Bc7 29. f3 Qd6 30. Qxd6 Bxd6 31. e4 a5 32. b5 Bc5+ 33. Kf1 Kc7 34. Bh4 g5 35. Be1 Kd6 36. g4 1/2-1/2

[Event "30th Cracovia Festival-B 2019"]
[Site "Krakow"]
[Date "2019.12.27"]
[Round "1.28"]
[White "Klusak, Piotr"]
[Black "Brylski, Pawel"]
[Result "1-0"]
[WhiteElo "2084"]
[BlackElo "1930"]
[Annotator "NA"]
[PlyCount "115"]
[EventDate "2019.12.27"]
[EventCountry "POL"]
[SourceTitle "playchess.com"]
[Source "ChessBase"]
[SourceQuality "1"]

1. d4 g6 2. c4 Bg7 3. Nc3 c5 4. d5 Bxc3+ 5. bxc3 f5 6. Nf3 Qa5 7. Qb3 Nf6 8. e3 d6 9. Be2 Nbd7 10. O-O Nb6 11. Nd2 Bd7 12. Qa3 Qxa3 13. Bxa3 e6 14. dxe6 Bxe6 15. Rfd1 O-O-O 16. f3 Rhe8 17. Kf2 Nfd7 18. f4 Nf6 19. h3 Ne4+ 20. Nxe4 fxe4 21. Bc1 Bxc4 22. Bg4+ Kc7 23. Rg1 Na4 24. Bd2 b5 25. Bd1 Nb2 26. g4 a5 27. g5 a4 28. a3 Be6 29. Be2 Kc6 30. h4 Bc4 31. Bc1 Nd3+ 32. Bxd3 exd3 33. Bd2 Re4 34. Rh1 Bf7 35. Rhd1 Be6 36. Rg1 Re8 37. Kg3 Bb3 38. Kf2 Rxf4+ 39. exf4 Re2+ 40. Kf3 Rxd2 41. f5 gxf5 42. h5 Bd5+ 43. Kg3 Bf7 44. Rh1 Bd5 45. g6 Rg2+ 46. Kf4 h6 47. Raf1 Rg4+ 48. Kxf5 Rg5+ 49. Kf6 Bxh1 50. Rxh1 Kd5 51. Kg7 b4 52. axb4 cxb4 53. cxb4 a3 54. Kxh6 Rg2 55. g7 a2 56. Kh7 Kc4 57. g8=Q+ Rxg8 58. Kxg8 1-0

[Event "30th Cracovia Festival-B 2019"]
[Site "Krakow"]
[Date "2019.12.27"]
[Round "1.29"]
[White "Smusz, Kamil"]
[Black "Bogdanov, Ignat"]
[Result "0-1"]
[WhiteElo "1926"]
[BlackElo "2082"]
[Annotator "NA"]
[PlyCount "66"]
[EventDate "2019.12.27"]
[EventCountry "POL"]
[SourceTitle "playchess.com"]
[Source "ChessBase"]
[SourceQuality "1"]

1. d4 d5 2. Bf4 Nf6 3. e3 c5 4. c3 Nc6 5. Nd2 Bf5 6. Qb3 Qd7 7. Ngf3 c4 8. Qd1 e6 9. Nh4 Bd6 10. Nxf5 exf5 11. Bxd6 Qxd6 12. b3 b5 13. a4 b4 14. cxb4 c3 15. Nf3 Nxb4 16. Bb5+ Ke7 17. O-O Rhc8 18. Ne5 g6 19. Nd3 Ne4 20. f3 Nd2 21. Re1 a6 22. Nxb4 Qxb4 23. Bd3 Qxb3 24. Qe2 Qb6 25. a5 Qd6 26. Bc2 Rab8 27. Qd3 Rb2 28. e4 dxe4 29. fxe4 fxe4 30. Rxe4+ Nxe4 31. Qxe4+ Kf8 32. Rf1 Rd8 33. Rd1 Rb4 0-1

[Event "30th Cracovia Festival-B 2019"]
[Site "Krakow"]
[Date "2019.12.27"]
[Round "1.30"]
[White "Domanski, Lukasz"]
[Black "Lozovoi, Roman"]
[Result "0-1"]
[WhiteElo "2074"]
[BlackElo "1926"]
[Annotator "NA"]
[PlyCount "68"]
[EventDate "2019.12.27"]
[EventCountry "POL"]
[SourceTitle "playchess.com"]
[Source "ChessBase"]
[SourceQuality "1"]

1. e4 g6 2. d4 Bg7 3. Nc3 d6 4. Nf3 Nf6 5. h3 a6 6. a4 b6 7. Bc4 O-O 8. Qe2 e6 9. e5 Nfd7 10. Bg5 Qe8 11. exd6 Nc6 12. Rd1 cxd6 13. Ne4 Bb7 14. Nxd6 Qb8 15. Bf4 Qa7 16. Bxe6 fxe6 17. Qxe6+ Kh8 18. Ng5 Nd8 19. Qe7 Bd5 20. Ne8 Nf7 21. Nxg7 Kxg7 22. O-O Rae8 23. Qb4 Qb7 24. f3 Qc6 25. Rd2 Nh6 26. Be5+ Kg8 27. c4 Qxc4 28. Qd6 Be6 29. d5 Nf5 30. Qc7 Qxc7 31. Bxc7 Bf7 32. Rc1 Rc8 33. Rdd1 Ne3 34. Re1 Nxd5 0-1

[Event "30th Cracovia Festival-B 2019"]
[Site "Krakow"]
[Date "2019.12.27"]
[Round "1.31"]
[White "Kapral, Krzysztof"]
[Black "Gorozhankina, Julia"]
[Result "1-0"]
[WhiteElo "1925"]
[BlackElo "2068"]
[Annotator "NA"]
[PlyCount "67"]
[EventDate "2019.12.27"]
[EventCountry "POL"]
[SourceTitle "playchess.com"]
[Source "ChessBase"]
[SourceQuality "1"]

1. d4 Nf6 2. Nf3 g6 3. Bf4 Bg7 4. e3 d5 5. Nbd2 O-O 6. h3 c5 7. c3 Qb6 8. Qb3 c4 9. Qa3 Nc6 10. Be2 Nd7 11. e4 e6 12. O-O Qd8 13. b3 b5 14. Qc1 Bb7 15. exd5 exd5 16. Re1 Re8 17. Rb1 Qc8 18. Bf1 Rxe1 19. Qxe1 Nb6 20. Qe3 Qe8 21. Qxe8+ Rxe8 22. bxc4 b4 23. c5 Na4 24. cxb4 Nc3 25. Rb3 Nxa2 26. b5 Nxd4 27. Ra3 Nxf3+ 28. Nxf3 Nc3 29. Rxa7 Ba8 30. Rxa8 Rxa8 31. b6 Ne4 32. b7 Re8 33. c6 Bf8 34. c7 1-0

[Event "30th Cracovia Festival-B 2019"]
[Site "Krakow"]
[Date "2019.12.27"]
[Round "1.32"]
[White "Janus, Przemyslaw"]
[Black "Mirowska, Oliwia"]
[Result "1-0"]
[WhiteElo "2065"]
[BlackElo "1925"]
[Annotator "NA"]
[PlyCount "57"]
[EventDate "2019.12.27"]
[EventCountry "POL"]
[SourceTitle "playchess.com"]
[Source "ChessBase"]
[SourceQuality "1"]

1. d4 d6 2. Nf3 f5 3. c4 Nf6 4. Nc3 g6 5. g3 Bg7 6. Bg2 O-O 7. O-O c6 8. d5 e5 9. dxe6 Bxe6 10. Qd3 d5 11. cxd5 Nxd5 12. Ng5 Nc7 13. Qc2 Qf6 14. Bf4 Nba6 15. Rad1 Rad8 16. Qa4 h6 17. Rxd8 Rxd8 18. Bxc7 Rd4 19. Qa3 Qxg5 20. Bf4 Qf6 21. Be3 Rg4 22. Qd6 Bf8 23. Qd2 Rb4 24. b3 g5 25. Rd1 Bg7 26. Na4 Rb5 27. Bxa7 Bd5 28. Bd4 Qf7 {N} 29. Nc3 1-0

[Event "30th Cracovia Festival-B 2019"]
[Site "Krakow"]
[Date "2019.12.28"]
[Round "2.25"]
[White "Sharma Isha"]
[Black "Reprun, Nadejda"]
[Result "1/2-1/2"]
[WhiteElo "2099"]
[BlackElo "1975"]
[Annotator "NA"]
[PlyCount "153"]
[EventDate "2019.12.27"]
[EventCountry "POL"]
[SourceTitle "playchess.com"]
[Source "ChessBase"]
[SourceQuality "1"]

1. e4 c6 2. d4 d5 3. exd5 cxd5 4. c4 Nf6 5. Nc3 Nc6 6. Nf3 Be6 7. Bg5 Ne4 8. c5 g6 9. Bf4 Bg7 10. Bb5 O-O 11. O-O Bg4 12. Bxc6 bxc6 13. Re1 e5 14. dxe5 Nxc5 15. h3 Bxf3 16. Qxf3 Ne6 17. Bg3 Rb8 18. b3 Qe7 19. Rad1 Rb4 20. Kh1 Re8 21. Bh2 Qh4 22. Bg3 Qe7 23. Na4 Ng5 24. Qc3 Ne4 25. Qxc6 Bxe5 26. Bh4 g5 27. Qxd5 Rxa4 28. bxa4 Nc3 29. Qxe5 Qxe5 30. Rxe5 Rxe5 31. Rd8+ Kg7 32. Bg3 Rd5 33. Ra8 Ne4 34. Rxa7 Nxg3+ 35. fxg3 Rd2 36. Ra5 h6 37. g4 Rxa2 38. Kh2 Ra3 39. Ra6 Kh7 40. Kg1 Ra2 41. a5 Kg7 42. Ra8 Kf6 43. a6 Kg7 44. Kf1 Kh7 45. Ke1 Kg7 46. Kd1 Rxg2 47. Kc1 Ra2 48. Kb1 Ra3 49. Kb2 Ra5 50. Kb3 Ra1 51. Kb4 Rb1+ 52. Kc3 Ra1 53. Kc4 Rc1+ 54. Kb5 Rb1+ 55. Kc6 Rc1+ 56. Kb7 Rb1+ 57. Ka7 Rb3 58. Rb8 Rxh3 59. Rb5 Ra3 60. Kb7 Kg6 61. Rb6+ f6 62. a7 Rxa7+ 63. Kxa7 h5 64. gxh5+ Kxh5 65. Rxf6 g4 66. Kb6 g3 67. Rf8 Kg4 68. Kc5 g2 69. Rg8+ Kf3 70. Kd4 Kf2 71. Rf8+ Kg3 72. Rg8+ Kf2 73. Rf8+ Kg3 74. Kd3 g1=Q 75. Rg8+ Kf2 76. Rxg1 Kxg1 77. Ke4 1/2-1/2

[Event "30th Cracovia Festival-B 2019"]
[Site "Krakow"]
[Date "2019.12.28"]
[Round "2.26"]
[White "Gorkiewicz, Mateusz"]
[Black "Golenia, Wojciech"]
[Result "1-0"]
[WhiteElo "1964"]
[BlackElo "2093"]
[Annotator "NA"]
[PlyCount "115"]
[EventDate "2019.12.27"]
[EventCountry "POL"]
[SourceTitle "playchess.com"]
[Source "ChessBase"]
[SourceQuality "1"]

1. e4 g6 2. d4 Bg7 3. Nc3 d6 4. Bg5 Nd7 5. Qd2 c5 6. Nf3 Ngf6 7. O-O-O O-O 8. h4 h5 9. Kb1 cxd4 10. Nxd4 a6 11. f3 Ne5 12. g4 hxg4 13. Bxf6 Bxf6 14. f4 Nc6 15. Nb3 a5 16. a4 Be6 17. h5 Bxb3 18. cxb3 Bxc3 19. Qxc3 e5 20. Qg3 Qf6 21. Qxg4 Kg7 22. hxg6 fxg6 23. f5 Nd4 24. Bc4 d5 25. Bxd5 Nxf5 26. exf5 Qxf5+ 27. Qxf5 Rxf5 28. Bxb7 Rb8 29. Rd7+ Kf6 30. Kc2 Rf2+ 31. Kc3 e4 32. Bxe4 Rc8+ 33. Kd3 Rcc2 34. Rd1 Rxb2 35. Bd5 Rh2 36. Rf1+ Ke5 37. Re1+ Kf4 38. Rf7+ Kg5 39. Bc4 Rbd2+ 40. Ke3 Rd8 41. Rg1+ Kh6 42. Rf6 Rh3+ 43. Ke4 Rh4+ 44. Ke5 Rh5+ 45. Ke6 Rg5 46. Rh1+ Rh5 47. Rxh5+ Kxh5 48. Ke7 Rb8 49. Bf7 Rb7+ 50. Kf8 Kg5 51. Rxg6+ Kf5 52. Ra6 Ke5 53. Rxa5+ Kf6 54. Ra6+ Kf5 55. Bc4 Ke5 56. Rc6 Ra7 57. Bb5 Kd5 58. Ke8 1-0

[Event "30th Cracovia Festival-B 2019"]
[Site "Krakow"]
[Date "2019.12.28"]
[Round "2.27"]
[White "Slabek, Grzegorz"]
[Black "Klusak, Piotr"]
[Result "1/2-1/2"]
[WhiteElo "1959"]
[BlackElo "2084"]
[Annotator "NA"]
[PlyCount "50"]
[EventDate "2019.12.27"]
[EventCountry "POL"]
[SourceTitle "playchess.com"]
[Source "ChessBase"]
[SourceQuality "1"]

1. Nf3 Nf6 2. e3 b6 3. Be2 Bb7 4. O-O e6 5. b3 Be7 6. Bb2 O-O 7. d4 c5 8. c4 cxd4 9. Nxd4 a6 10. Nc3 Nc6 11. Rc1 Nxd4 12. Qxd4 Bc6 13. Rfd1 Qb8 14. a3 Qb7 15. Bf1 Rfd8 16. b4 d6 17. b5 axb5 18. cxb5 Be8 19. Be2 d5 20. a4 Rac8 21. Ra1 Bc5 22. Qh4 Be7 23. Qd4 Bc5 24. Qh4 Be7 25. Qd4 Bc5 1/2-1/2

[Event "30th Cracovia Festival-B 2019"]
[Site "Krakow"]
[Date "2019.12.28"]
[Round "2.28"]
[White "Bogdanov, Ignat"]
[Black "Mirski, Michal"]
[Result "1-0"]
[WhiteElo "2082"]
[BlackElo "1982"]
[Annotator "NA"]
[PlyCount "147"]
[EventDate "2019.12.27"]
[EventCountry "POL"]
[SourceTitle "playchess.com"]
[Source "ChessBase"]
[SourceQuality "1"]

1. Nf3 c5 2. g3 Nc6 3. Bg2 Nf6 4. O-O d5 5. d4 cxd4 6. Nxd4 e5 7. Nxc6 bxc6 8. c4 Bc5 9. Bg5 Be6 10. Nc3 e4 11. cxd5 cxd5 12. Qd2 O-O 13. Rfd1 Rb8 14. e3 h6 15. Bxf6 Qxf6 16. Rab1 Qe5 17. a3 Rb3 18. Qc2 Rfb8 19. a4 Be7 20. Nb5 Rb4 21. b3 Rc8 22. Qd2 a6 23. Nd4 Rb6 24. Rdc1 Bb4 25. Rxc8+ Bxc8 26. Qc2 Bd7 27. Rc1 Bd6 28. Bf1 Bb8 29. Qd2 Qd6 30. a5 Rb7 31. Rb1 Ba7 32. Nc2 Bb5 33. b4 Qe5 34. Bxb5 Rxb5 35. Na3 Rb8 36. Rd1 d4 37. exd4 Qd5 38. Nc2 Qc4 39. d5 Rd8 40. d6 Bb8 41. d7 Be5 42. Ne3 Qb5 43. Qd5 Qxd5 44. Rxd5 Bc3 45. b5 axb5 46. a6 Bf6 47. a7 Ra8 48. Rxb5 Rxa7 49. Rb8+ Kh7 50. d8=Q Bxd8 51. Rxd8 Kg6 52. g4 Kf6 53. Rd6+ Ke5 54. Rd5+ Kf6 55. Kg2 g6 56. Kg3 Ke6 57. Kf4 Ra2 58. Kg3 Ra3 59. Rb5 f5 60. gxf5+ gxf5 61. Kf4 Ra2 62. Re5+ Kd7 63. Nxf5 Rxf2+ 64. Kg3 Rf3+ 65. Kg4 h5+ 66. Kh4 Rf2 67. h3 Rf3 68. Ng3 e3 69. Nxh5 Kd6 70. Re8 Kd5 71. Kg4 Rf1 72. Rxe3 Kd4 73. Re8 Rg1+ 74. Ng3 1-0

[Event "30th Cracovia Festival-B 2019"]
[Site "Krakow"]
[Date "2019.12.28"]
[Round "2.29"]
[White "Raiko, Yossi"]
[Black "Janus, Przemyslaw"]
[Result "1/2-1/2"]
[WhiteElo "1938"]
[BlackElo "2065"]
[Annotator "NA"]
[PlyCount "144"]
[EventDate "2019.12.27"]
[EventCountry "POL"]
[SourceTitle "playchess.com"]
[Source "ChessBase"]
[SourceQuality "1"]

1. d4 d5 2. c4 dxc4 3. e3 Nf6 4. Bxc4 e6 5. Nf3 c5 6. Nc3 a6 7. a4 Nc6 8. O-O Bd6 9. dxc5 Bxc5 10. Qxd8+ Kxd8 11. e4 Nd7 12. Bf4 Bb4 13. Rfd1 Ke7 14. Na2 Bc5 15. Bc7 f6 16. Rab1 Nb6 17. Be2 Nd7 18. b4 Ba7 19. Bd6+ Kf7 20. Rbc1 Rd8 21. Bc7 Re8 22. Bxa6 bxa6 23. Rxc6 Nf8 24. Ba5 Bd7 25. Rc7 Re7 26. Nc3 Bb8 27. Rb7 Bc6 28. Rxe7+ Kxe7 29. Bb6 Nd7 30. Be3 Bd6 31. b5 axb5 32. axb5 Bb7 33. b6 Bb4 34. Nb5 Bxe4 35. Nfd4 Nxb6 36. f3 Bd5 37. Nc2 Nc4 38. Nxb4 Nxe3 39. Nxd5+ Nxd5 40. Rd2 Rb8 41. Nd4 Kf7 42. g3 Rb1+ 43. Kf2 Ra1 44. Re2 e5 45. Nf5 g6 46. Nd6+ Ke6 47. Ne4 h6 48. Rc2 Rf1+ 49. Kxf1 Ne3+ 50. Kf2 Nxc2 51. h4 f5 52. Nc3 Kd6 53. g4 Kc5 54. h5 gxh5 55. gxf5 Nd4 56. Ne4+ Kd5 57. Nf6+ Kd6 58. Nxh5 Nxf5 59. Nf6 Ke6 60. Ne4 Nd4 61. Kg3 Kf5 62. Nd6+ Kg6 63. Nc4 Nf5+ 64. Kh3 Kf6 65. Kg4 Ke6 66. Nd2 Ne3+ 67. Kh5 Kf5 68. Kxh6 Kf4 69. Kg6 Nf5 70. Nc4 Nh4+ 71. Kf6 Nxf3 72. Nxe5 Nxe5 1/2-1/2

[Event "30th Cracovia Festival-B 2019"]
[Site "Krakow"]
[Date "2019.12.28"]
[Round "2.30"]
[White "Lozovoi, Roman"]
[Black "Mueller-Ludwig, Kristin"]
[Result "0-1"]
[WhiteElo "1926"]
[BlackElo "2062"]
[Annotator "NA"]
[PlyCount "108"]
[EventDate "2019.12.27"]
[EventCountry "POL"]
[SourceTitle "playchess.com"]
[Source "ChessBase"]
[SourceQuality "1"]

1. Nf3 Nf6 2. g3 g6 3. c4 Bg7 4. Bg2 d6 5. d4 Nbd7 6. Nc3 O-O 7. O-O e5 8. dxe5 dxe5 9. Qc2 c6 10. h3 Qe7 11. Rb1 Nc5 12. Nd2 a5 13. b3 Ne6 14. e3 h6 15. a3 Ng5 16. Kh2 Re8 17. b4 axb4 18. axb4 Bf5 19. e4 Be6 20. f4 Ngh7 21. f5 Bc8 22. Na4 b5 23. Nb6 Ra6 24. Nxc8 Rxc8 25. cxb5 Rb6 26. fxg6 fxg6 27. Qc5 Qxc5 28. bxc5 Rxb5 29. Rxb5 cxb5 30. Nb3 Bf8 31. Be3 Ne8 32. Rd1 Nhf6 33. g4 Kg7 34. Kg3 Ra8 35. h4 Ra4 36. g5 hxg5 37. Bxg5 Ra3 38. Rd3 Be7 39. Bf3 Ra4 40. Kg2 Rc4 41. Be3 Nc7 42. Nd2 Rc2 43. Bd1 Rb2 44. Kf3 Ra2 45. Rb3 Bxc5 46. Bxc5 Rxd2 47. Be2 Ne6 48. Be3 Nd4+ 49. Bxd4 Rxd4 50. Bd3 b4 51. Ke3 Nd7 52. Rb2 Nc5 53. Bb1 Kh6 54. Rg2 Ne6 0-1

[Event "30th Cracovia Festival-B 2019"]
[Site "Krakow"]
[Date "2019.12.28"]
[Round "2.31"]
[White "Gondzik, Dawid"]
[Black "Sokolinsky, Yaakov"]
[Result "1-0"]
[WhiteElo "2045"]
[BlackElo "1957"]
[Annotator "NA"]
[PlyCount "70"]
[EventDate "2019.12.27"]
[EventCountry "POL"]
[SourceTitle "playchess.com"]
[Source "ChessBase"]
[SourceQuality "1"]

1. d4 Nf6 2. c4 e6 3. Nc3 Bb4 4. Qc2 d5 5. a3 Bxc3+ 6. Qxc3 O-O 7. Bg5 h6 8. Bh4 g5 9. Bg3 Ne4 10. Qc2 c5 11. f3 Nxg3 12. hxg3 Qa5+ 13. Qc3 Qxc3+ 14. bxc3 cxd4 15. cxd4 dxc4 16. e3 b5 17. a4 b4 18. Bxc4 Kg7 19. a5 Ba6 20. Bxa6 Nxa6 21. Ne2 Rfc8 22. Kd2 Rab8 23. Rhc1 Rxc1 24. Nxc1 b3 25. Rb1 b2 26. Nd3 Rb5 27. Rxb2 Rxa5 28. Rb7 Ra2+ 29. Kc3 Rxg2 30. Ne5 Rxg3 31. Rxf7+ Kg8 32. Rxa7 Nb8 33. Ra8 h5 34. Rxb8+ Kg7 35. Rb7+ Kg8 1-0

[Event "30th Cracovia Festival-B 2019"]
[Site "Krakow"]
[Date "2019.12.28"]
[Round "2.32"]
[White "Mielczarek, Daniel"]
[Black "Kumor, Lukasz"]
[Result "1/2-1/2"]
[WhiteElo "1923"]
[BlackElo "2037"]
[Annotator "NA"]
[PlyCount "45"]
[EventDate "2019.12.27"]
[EventCountry "POL"]
[SourceTitle "playchess.com"]
[Source "ChessBase"]
[SourceQuality "1"]

1. d4 Nf6 2. Nf3 c5 3. c3 cxd4 4. cxd4 g6 5. Nc3 d5 6. e3 Bg7 7. Bd3 Nc6 8. Bd2 O-O 9. Rc1 Bg4 10. O-O e5 11. dxe5 Bxf3 12. Qxf3 Nxe5 13. Qe2 d4 14. exd4 Qxd4 15. Bb5 a6 16. Be3 Qh4 17. Ba4 b5 18. Bd1 Rfe8 19. h3 Nc4 20. Bb3 Rac8 21. Bxc4 Rxc4 22. b3 Rc7 23. Qf3 1/2-1/2

[Event "30th Cracovia Festival-B 2019"]
[Site "Krakow"]
[Date "2019.12.29"]
[Round "3.25"]
[White "Kalosha, Zhiulien Oleksii"]
[Black "Bogdanov, Ignat"]
[Result "0-1"]
[WhiteElo "2007"]
[BlackElo "2082"]
[Annotator "NA"]
[PlyCount "52"]
[EventDate "2019.12.27"]
[EventCountry "POL"]
[SourceTitle "playchess.com"]
[Source "ChessBase"]
[SourceQuality "1"]

1. e4 d6 2. d4 g6 3. Nc3 Bg7 4. Be3 Nd7 5. Qd2 e5 6. Nge2 Ngf6 7. f3 Nb6 8. Qd3 O-O 9. O-O-O Qe7 10. Kb1 c6 11. h4 d5 12. dxe5 Qxe5 13. Bd4 Qe7 14. h5 dxe4 15. fxe4 c5 16. Bxf6 Qxf6 17. Ng3 $17 (17. Qe3 $15) 17... Be6 18. Qe3 Qe5 19. Be2 Nc4 20. Bxc4 Bxc4 21. Nge2 b5 22. Rd7 b4 23. Nd1 Qe6 24. Rc7 Qd6 25. Rxc5 Bxe2 26. Rd5 Qa6 0-1

[Event "30th Cracovia Festival-B 2019"]
[Site "Krakow"]
[Date "2019.12.29"]
[Round "3.26"]
[White "Mueller-Ludwig, Kristin"]
[Black "Lutsko, Artem"]
[Result "0-1"]
[WhiteElo "2062"]
[BlackElo "2005"]
[Annotator "NA"]
[PlyCount "80"]
[EventDate "2019.12.27"]
[EventCountry "POL"]
[SourceTitle "playchess.com"]
[Source "ChessBase"]
[SourceQuality "1"]

1. e4 c5 2. Nf3 e6 3. d4 cxd4 4. Nxd4 a6 5. c4 Nf6 6. Nc3 Bb4 7. Bd3 Nc6 8. Nc2 Bxc3+ 9. bxc3 O-O 10. O-O d5 11. exd5 exd5 12. cxd5 Nxd5 13. c4 Ndb4 14. Nxb4 Nxb4 15. Be4 Qc7 16. Qd4 Nc6 17. Qc3 Be6 18. Bb2 f6 19. Rfe1 Qf7 20. Ba3 Rfe8 21. c5 Bd5 22. Bxd5 Qxd5 23. Red1 Qe6 24. Qb3 Qxb3 25. axb3 Re2 26. Rd7 Rae8 27. Rf1 R8e7 28. Rxe7 Nxe7 29. Rd1 Ra2 30. Bc1 Ra1 31. g3 Kf7 32. Kg2 Rb1 33. b4 Ke8 34. Re1 Kd7 35. Bd2 Rxe1 36. Bxe1 Ke6 37. Kf3 Kd5 38. h4 Nc6 39. Kf4 Kc4 40. Kf5 Nd4+ 0-1

[Event "30th Cracovia Festival-B 2019"]
[Site "Krakow"]
[Date "2019.12.29"]
[Round "3.27"]
[White "Gorkiewicz, Mateusz"]
[Black "Gondzik, Dawid"]
[Result "1-0"]
[WhiteElo "1964"]
[BlackElo "2045"]
[Annotator "NA"]
[PlyCount "121"]
[EventDate "2019.12.27"]
[EventCountry "POL"]
[SourceTitle "playchess.com"]
[Source "ChessBase"]
[SourceQuality "1"]

1. e4 c5 2. Nf3 Nc6 3. d4 cxd4 4. Nxd4 Nf6 5. Nc3 e6 6. Ndb5 d6 7. Bf4 e5 8. Bg5 a6 9. Na3 b5 10. Nd5 Be7 11. Bxf6 Bxf6 12. c4 b4 13. Nc2 a5 14. g3 {B33: Sicilian: Pelikan and Sveshnikov Variations} (14. Qf3 Be6 15. Rd1 Bxd5 16. cxd5 Na7 17. g3 Rc8 18. Ne3 O-O 19. h4 Rc5 20. Bd3 Nc8 21. O-O Qc7 {½-½ (31) Nakamura,H (2746)-Caruana,F (2828) Saint Louis 2019}) 14... h5 15. h3 $146 ({Predecessor:} 15. h4 g6 16. Be2 Bg7 17. Qd3 O-O 18. O-O-O f5 19. Bf3 Ra7 20. c5 dxc5 21. Qc4 Be6 22. Qxc5 {½-½ (44) Silva,J (2004)-Cadavid,J (2001) Pereira 2019}) 15... g6 16. Bg2 Bg7 17. O-O O-O 18. Qd3 Be6 19. Rfd1 Rb8 $11 20. b3 Re8 21. a3 bxa3 22. Rxa3 Rb7 23. Nc3 Bf8 24. Nb5 Rd7 25. Ra4 Qb6 26. Ne3 Nb4 27. Qc3 Be7 28. Rda1 Nc6 29. Nd5 Qc5 30. Qd2 Bd8 31. Rd1 Kg7 32. Qe3 Qxe3 33. Nxe3 Be7 34. Nd5 Bd8 35. Raa1 Kf8 36. Rd2 Be7 37. Rad1 Red8 38. h4 f6 39. Ndc7 Kf7 40. Nxe6 Kxe6 41. c5 Nd4 42. Nxd4+ exd4 43. Rxd4 f5 44. exf5+ gxf5 45. c6 Rc7 46. Re1+ Kf6 47. Bd5 Rb8 48. Rf4 Rf8 49. Ra4 Kg7 50. Rxa5 f4 51. Rb5 fxg3 52. fxg3 Bf6 53. Rb7 Rxb7 54. cxb7 Bd4+ 55. Kg2 Ba7 56. Re7+ Kg6 57. Re6+ Kf5 58. Rh6 Ke5 59. Rxh5+ Kd4 60. Bc4 Bc5 61. Rh7 {Kd5} 1-0

[Event "30th Cracovia Festival-B 2019"]
[Site "Krakow"]
[Date "2019.12.29"]
[Round "3.28"]
[White "Butyrowski, Marcel"]
[Black "Kucharski, Bartlomiej"]
[Result "0-1"]
[WhiteElo "1899"]
[BlackElo "2024"]
[Annotator "NA"]
[PlyCount "82"]
[EventDate "2019.12.27"]
[EventCountry "POL"]
[SourceTitle "playchess.com"]
[Source "ChessBase"]
[SourceQuality "1"]

1. d4 Nf6 2. c4 e6 3. g3 d5 4. Bg2 Be7 5. Nf3 O-O 6. O-O Nbd7 7. b3 b6 8. Bb2 Bb7 9. Nc3 c5 10. cxd5 Nxd5 11. Re1 N7f6 12. dxc5 Bxc5 13. Nxd5 Bxd5 14. a3 b5 15. b4 Bb6 16. e3 Qe7 17. Nd4 Rad8 18. Qe2 a6 19. Nc6 Bxc6 20. Bxc6 Rd6 21. Bf3 Rfd8 22. Red1 Ne8 23. a4 Rxd1+ 24. Rxd1 Qxb4 25. Rxd8 Bxd8 26. axb5 axb5 27. Bc6 Nd6 28. Be5 Nc4 29. Qd3 Be7 30. Qd4 Bf8 31. Bc7 h6 32. Be8 Na3 33. Qd7 Qe7 34. Qc8 b4 35. Ba4 Qc5 36. Qb7 Nc4 37. Bd8 Nd2 38. Qa6 b3 39. Qd3 b2 40. Bc2 Qxc2 41. Qxc2 b1=Q+ 0-1

[Event "30th Cracovia Festival-B 2019"]
[Site "Krakow"]
[Date "2019.12.29"]
[Round "3.29"]
[White "Hasterok, Mateusz"]
[Black "Mikula, Michal"]
[Result "1-0"]
[WhiteElo "2018"]
[BlackElo "1821"]
[Annotator "NA"]
[PlyCount "87"]
[EventDate "2019.12.27"]
[EventCountry "POL"]
[SourceTitle "playchess.com"]
[Source "ChessBase"]
[SourceQuality "1"]

1. d4 Nf6 2. c4 c5 3. d5 b5 4. cxb5 a6 5. bxa6 g6 6. Nc3 Bxa6 7. e4 Bxf1 8. Kxf1 d6 9. Nf3 Bg7 10. g3 O-O 11. Kg2 Nbd7 12. a4 Qa5 13. Qc2 Rfb8 14. Bd2 Qb4 15. Rhb1 Qb3 16. Qxb3 Rxb3 17. a5 Rb4 18. e5 dxe5 19. Ne1 Rb7 20. Ra2 Ne8 21. Nc2 Nc7 22. b4 e4 23. Nxe4 cxb4 24. Rxb4 Rba7 25. Be3 Nxd5 26. Bxa7 Nxb4 27. Nxb4 Rxa7 28. Nc6 Ra6 29. Nxe7+ Kf8 30. Nd5 f5 31. Ng5 h6 32. Nc7 Rc6 33. Nge6+ Kg8 34. a6 Bd4 35. Nxd4 Rxc7 36. a7 Nb6 37. a8=Q+ Nxa8 38. Rxa8+ Kf7 39. Nb5 Rc5 40. Nd4 h5 41. Ra6 Rc4 42. Nf3 Rc5 43. Ng5+ Ke8 44. Rxg6 1-0